A guidebook to the macrofungsi of Tasik Bera

Bibliographic Details
Other Authors: B.K.Thin, S.S. Lee, T.T.Chan
Format: Book
Published: Kepong, Selangor : FRIM , 2010
Subjects:

MARC

LEADER 00000cam a2200000 7i4500
001 0000004079
005 20160419.0
020 0 0 |a 9789675221354 
090 0 0 |a 579.60959512313   |b GUI 2010 
245 0 0 |a A guidebook to the macrofungsi of Tasik Bera   |c N. Zainuddin... [et.al] 
260 0 0 |a Kepong, Selangor :   |b FRIM ,   |c 2010 
300 |a xi.80p. :   |b ill. ;   |c 18 cm. 
500 0 0 |a Includes bibliographical references and index 
650 0 0 |a Fungi---Pahang---Tasik Bera 
650 0 0 |a Microfungi---Pahang---Tasik Bera 
700 0 1 |a B.K.Thin 
700 0 1 |a S.S. Lee 
700 0 1 |a T.T.Chan 
998 |a JPSM 
999 |a 007902   |b Monograph   |c Open Shelf   |e Default branch 
999 |a 007903   |b Monograph   |c Open Shelf   |e Default branch 
999 |a 007904   |b Monograph   |c Open Shelf   |e Default branch 
999 |a 007905   |b Monograph   |c Open Shelf   |e Default branch 
999 |a 007906   |b Monograph   |c Open Shelf   |e Default branch